2012 Directory of retail chains in Canada.
| Format: | Book |
|---|---|
| Published: |
Toronto:
Monday Report on Retailers,
2012.
|
| Subjects: |
| LEADER | 00481cam a2200145 7i4500 | ||
|---|---|---|---|
| 001 | 0000028769 | ||
| 005 | 20130314090000.0 | ||
| 090 | 0 | 0 | |a CAND 381.1025 |b DIR |
| 245 | 0 | 0 | |a 2012 Directory of retail chains in Canada. |
| 260 | 0 | 0 | |a Toronto: |b Monday Report on Retailers, |c 2012. |
| 300 | # | # | |a 474 p. |
| 650 | 0 | 0 | |a Chain stores -- |x Directories -- |z Canada |
| 650 | 0 | 0 | |a Retail trade -- |x Directories -- |z Canada |
| 651 | 0 | 0 | |a Canada |
| 999 | |a B000032093 |b Directories |c Countries |e Business Information Centre | ||